Atlanta Braves 2026 Opening Day Roster - Statistics

General Stats
  • This quiz has been taken 24 times
  • The average score is 17 of 31
Answer Stats
Jersey Number Player Name % Correct
30 Drake Baldwin
100%
1 Ozzie Albies
100%
13 Ronald Acuña Jr.
100%
23 Michael Harris II
95%
27 Austin Riley
89%
28 Matt Olson
89%
14 Mauricio Dubón
89%
26 Raisel Iglesias
84%
51 Chris Sale
79%
20 Jonah Heim
79%
36 Eli White
68%
2 Jorge Mateo
68%
54 José Suarez
68%
75 Robert Suarez
68%
55 Bryce Elder
63%
8 Dominic Smith
58%
40 Reynaldo López
58%
49 Aaron Bummer
53%
66 Grant Holmes
53%
18 Mike Yastrzemski
47%
52 Dylan Lee
32%
45 Tyler Kinley
32%
34 Joel Payamps
26%
15 Kyle Farmer
26%
33 Martín Pérez
26%
72 Didier Fuentes
16%
46 Dylan Dodd
16%
70 Osvaldo Bido
5%
71 Ian Hamilton
0%
37 Luke Williams
0%
67 Rolddy Muñoz
0%
No matching quizzes found
Score Distribution
Percent of People with Each Score
Percentile by Number Answered
Your Score History
You have not taken this quiz